000 00383nam a2200157Ia 4500
003 Ost
005 20260225132558.0
008 260225s9999||||xx |||||||||||||| ||und||
040 _cfsic
041 _afre
082 _a302.23
100 _aAbdelhamid zouzou
_eAuteur
245 0 _al'autres au temps de france coloniale T1 ET T2 /
245 0 _cAbdelhamid zouzou
942 _cكتاب
999 _c34580
_d34580